Estatísticas para Países Megadiversos

Clique aqui para jogar o quiz

Estatísticas Gerais

  • Esse quiz foi jogado 2 955 vezes
  • A pontuação média é 12 de 17

Estatísticas das Respostas

País% Correto
Brasil
99%
Austrália
92%
Estados Unidos
92%
China
90%
México
83%
Índia
80%
África do Sul
79%
Colômbia
77%
Peru
72%
Indonésia
71%
Venezuela
67%
República Democrática do Congo
62%
Equador
57%
Madagascar
49%
Malásia
47%
Filipinas
45%
Papua Nova Guiné
38%

Distribuição das Pontuações

Percentil de Números Respondidos

Porcentagem de Pessoas com Cada Pontuação

Sua Pontuação Histórica

Você não jogou esse quiz